000 01121nam a2200289 i 4500
003 EG-GICUC
005 20260121101218.0
008 251113s1957 ua ||||fr|||| 00| 0 ara d
040 _a EG-GICUC
_bara
_c EG-GICUC
_d EG-GICUC
_erda
041 0 _aara
082 0 4 _221
_a345.2
_bع ث . ت
092 0 4 _221
099 _aLaw1 07 345.2 ع ث . ت 1957
100 0 _aعثمان خليل
_eمؤلف.
245 1 2 _aالتنظيم الإداري في الدول العربية :
_b(محاضرات ألقاها الدكتور عثمان خلیل (على طلبة قسم الدراسات القانونية /
_cالدكتور عثمان خليل.
264 3 _aالقاهرة :
_bمطبعة الاعتماد،
_c1957.
300 _a319 ؛صفحة
_c24 سم.
336 _2rda content
_atext
337 _2rda media
_aComputer
338 _2rda carrier
_aOnline Resource
546 _aالنص باللغة العربية
650 1 4 _aالتنظيم الإداري
650 1 4 _aالقانون الإداري
856 4 0 _uhttps://fll.law.cu.edu.eg/fulltext/bks/B07-00515.pdf
905 _a32
942 _2ddc
_cBK
_e21
_n0
999 _c43051
_d43051